| 000 | 01066cam a2200301 a 4500 | ||
|---|---|---|---|
| 001 | 16552487 | ||
| 003 | OSt | ||
| 005 | 20150408113958.0 | ||
| 008 | 111213s2010 enk b 001 0 eng | ||
| 010 | _a 2010283348 | ||
| 020 | _a9780197264706 (pbk.) | ||
| 020 | _a0197264700 (pbk.) | ||
| 035 | _a(OCoLC)ocn573152420 | ||
| 040 |
_aUKM _cMU |
||
| 042 | _alccopycat | ||
| 082 | 0 | 4 |
_a821.4 J O M _222 |
| 245 | 0 | 0 |
_aJohn Milton : _blife, writing, reputation / _cedited by Paul Hammond & Blair Worden. |
| 260 |
_aOxford ; _aNew York : _bOxford University Press, _c2010. |
||
| 300 |
_aviii, 212 p. ; _c24 cm. |
||
| 504 | _aIncludes bibliographical references (p. 203-208) and index. | ||
| 600 | 1 | 0 |
_aMilton, John, _d1608-1674 _xCriticism and interpretation. _97550 |
| 600 | 1 | 0 |
_aMilton, John, _d1608-1674 _xInfluence. _98264 |
| 700 | 1 |
_aHammond, Paul, _d1953- _98265 |
|
| 700 | 1 |
_aWorden, Blair. _98266 |
|
| 906 |
_a7 _bcbc _ccopycat _d2 _encip _f20 _gy-gencatlg |
||
| 942 |
_2ddc _cDVD |
||
| 999 |
_c19701 _d254201 |
||